000 004470000a22001810004500
003 MACL
005 20160121120953.0
008 160121b xxu||||| |||| 00| 0 eng d
040 _aMACL
_cmacl
041 _aEnglish
082 _a370/BRI
100 _aBright, P S
_933222
245 _aB Ed Admissio Test Kit
260 _bBright Careers Institute
_c2003
_aNew Delhi
350 _a90
650 _aEducation
_933847
942 _cBK
_k370/BRI
_2ddc
999 _c32876
_d32876